The structure of nuclear Frechet spaces /

Guardado en:
Detalles Bibliográficos
Autor principal: Dubinsky, Ed
Formato: Libro
Lenguaje:English
Publicado: Berlin ; New York : Springer-Verlag, 1979.
Colección:Lecture notes in mathematics (Springer-Verlag) ; 720.
Materias:
LEADER 01074nam a2200289 i 4500
001 c000044275
003 CARM
005 00000000000000.0
008 790613s1979 wb b 00110 eng
019 1 |a 1438723  |5 LACONCORD2021 
020 |a 0387095047 
035 |a (OCoLC)5126156  |5 LACONCORD2021 
050 0 0 |a QA3  |b .L28 no. 720  |a QA322 
100 1 |a Dubinsky, Ed. 
245 1 4 |a The structure of nuclear Frechet spaces /  |c Ed Dubinsky. 
260 |a Berlin ;  |a New York :  |b Springer-Verlag,  |c 1979. 
300 |a 187 p. ;  |c 25 cm. 
490 1 |a Lecture notes in mathematics ; 720 
504 |a Bibliography: p. [184]-187. 
650 0 |a Frechet spaces. 
650 0 |a Nuclear spaces (Functional analysis) 
650 0 |a Linear operators. 
830 0 |a Lecture notes in mathematics (Springer-Verlag) ;  |v 720. 
852 8 |b CARM  |h A2:AG03F0  |i C01468  |p 0080129  |f BK 
082 0 4 |a 510/.8 s  |a 515/.73 
999 f f |i 809527ac-a77e-5c25-b5cc-5beeec9f731f  |s dd22463f-a931-51cb-853e-e01468cae146 
952 f f |p Can circulate  |a CAVAL  |b CAVAL  |c CAVAL  |d CARM 1 Store  |e C01468  |f A2:AG03F0  |h Other scheme  |i book  |m 0080129